| 000 | 00456nam a2200157Ia 4500 | ||
|---|---|---|---|
| 008 | 220217s9999 xx 000 0 und d | ||
| 245 | 0 | _aRubber, raw natural-Determination of dirt content | |
| 260 | _aSwitzerland | ||
| 260 |
_c1995 _bInternational Organization for Standardization |
||
| 490 | _aISO | ||
| 500 | _aStandard number: ISO 249 Ed3 | ||
| 650 | _aDirt content determination | ||
| 650 | _aNatural rubber | ||
| 650 | _aRaw rubber | ||
| 942 | _cST | ||
| 999 |
_c74105 _d74105 |
||